00550nam a22001937a 450000500170000000800410001702000180005804000210007604100080009708200150010510000260012024500600014625000120020626000320021830000100025065000350026070000310029570000300032620260515114909.0211111b ||||| |||| 00| 0 eng d a9789391060961 aIN-DiNCcIN-DiNC dasm a320.5bDUT aDutta, Mriduleauthor aDhrupadi rajnaitik darshan/cby Mridul Dutta and others a1st ed. aDibrugarh:bBanalata,c2021 a298p. aClassical political philosophy aGogoi, Dhrubajyotieauthor aSaikia, Banashreeeauthor